Historia : el mundo contemporáneo :

Guardado en:
Autor Principal: Alonso, María Ernestina
Otros Autores: Vázquez, Enrique Carlos
Formato: Libro
Publicado: Buenos Aires : Aique, 2006
Series:Polimodal
Materias:
Etiquetas: Agregar Etiqueta
Sin Etiquetas, Sea el primero en etiquetar este registro!
LEADER 01669nam a22003855a 4500
001 CEM.cems009948
005 20080625122732.0
008 130507s2006##################000#0#####d
003 CEMS
020 |a 9507015213 
082 0 4 |a 912 
100 1 |a Alonso, María Ernestina 
245 1 0 |a Historia :  |b el mundo contemporáneo :  |c María Ernestina Alonso y Enrique Carlos Vázquez 
260 |a Buenos Aires :  |b Aique,  |c 2006 
300 |a 64 p. 
490 0 |a Polimodal 
500 |a Acompaña al libro de Historia, el mundo contemporáneo 
653 |a Historia 
653 |a Historia-polimodal 
653 |a Atlas-historia 
700 1 |a Vázquez, Enrique Carlos 
859 |a CEMS  |b BIB. CEMS - 11 de abril  |h 912  |i Al64  |p 20305.99  |t Ej.1 
859 |a CEMS  |b BIB. CEMS - 11 de abril  |h 912  |i Al64  |p 20308.99  |t Ej.2 
859 |a CEMS  |b BIB. CEMS - 11 de abril  |h 912  |i Al64  |p 20626.99  |t Ej.3 
859 |a CEMS  |b BIB. CEMS - 11 de abril  |h 912  |i Al64  |p 20627.99  |t Ej.4 
859 |a CEMS  |b BIB. CEMS - 11 de abril  |h 912  |i Al64  |p 21758.02  |t Ej.5 
859 |a CEMS  |b BIB. CEMS - 11 de abril  |h 912  |i Al64  |p 21759.02  |t Ej.6 
859 |a CEMS  |b BIB. CEMS - 11 de abril  |h 912  |i Al64  |p 21966.03  |t Ej.7 
859 |a CEMS  |b BIB. CEMS - 11 de abril  |h 912  |i Al64  |p 21967.03  |t Ej.8 
859 |a CEMS  |b BIB. CEMS - 11 de abril  |h 912  |i Al64  |p 21968.03  |t Ej.9 
859 |a CEMS  |b BIB. CEMS - 11 de abril  |h 912  |i Al64  |p 24077.07  |t Ej.10 
859 |a CEMS  |b BIB. CEMS - 11 de abril  |h 912  |i Al64  |p 24078.07  |t Ej.11 
859 |a CEMS  |b BIB. CEMS - 11 de abril  |h 912  |i Al64  |p 24079.07  |t Ej.12 
859 |a CEMS  |b BIB. CEMS - 11 de abril  |h 912  |i Al64  |p 24080.07  |t Ej.13 
859 |a CEMS  |b BIB. CEMS - 11 de abril  |h 912  |i Al64  |p 24081.07  |t Ej.14